War and peace / (Record no. 360146)
[ view plain ]
| 000 -LEADER | |
|---|---|
| fixed length control field | 00721nam a2200253Ia 4500 |
| 008 - FIXED-LENGTH DATA ELEMENTS--GENERAL INFORMATION | |
| fixed length control field | 181129s9999 xx 000 0 und d |
| 020 ## - INTERNATIONAL STANDARD BOOK NUMBER | |
| International Standard Book Number | 9780375760648 |
| 050 ## - LIBRARY OF CONGRESS CALL NUMBER | |
| Item number | T654 2005 |
| 100 ## - MAIN ENTRY--PERSONAL NAME | |
| Personal name | Tolstoy, Leo |
| 245 #0 - TITLE STATEMENT | |
| Title | War and peace / |
| 245 #0 - TITLE STATEMENT | |
| Statement of responsibility, etc | by Leo Tolstoy ; translated by Constance Garnett ; introduction by A.N. Wilson. |
| 260 ## - PUBLICATION, DISTRIBUTION, ETC. (IMPRINT) | |
| Place of publication, distribution, etc | New York, NY : |
| 260 ## - PUBLICATION, DISTRIBUTION, ETC. (IMPRINT) | |
| Name of publisher, distributor, etc | The Modern Library, |
| 260 ## - PUBLICATION, DISTRIBUTION, ETC. (IMPRINT) | |
| Date of publication, distribution, etc | 2002 |
| 300 ## - PHYSICAL DESCRIPTION | |
| Extent | 1388 pages : |
| 300 ## - PHYSICAL DESCRIPTION | |
| Other physical details | illustrations ; |
| 300 ## - PHYSICAL DESCRIPTION | |
| Dimensions | 20cm. |
| 650 ## - SUBJECT ADDED ENTRY--TOPICAL TERM | |
| Topical term or geographic name as entry element | Military campaigns. |
| 650 ## - SUBJECT ADDED ENTRY--TOPICAL TERM | |
| Topical term or geographic name as entry element | Nappleonic Wars, 1800-1815 -- Campaigns -- Russia. |
| 650 ## - SUBJECT ADDED ENTRY--TOPICAL TERM | |
| Topical term or geographic name as entry element | Russia -- History. |
| 700 ## - ADDED ENTRY--PERSONAL NAME | |
| Personal name | Garnett, Constance. |
| 700 ## - ADDED ENTRY--PERSONAL NAME | |
| Personal name | Title. |
| 700 ## - ADDED ENTRY--PERSONAL NAME | |
| Personal name | Wilson, A. N. |
| Withdrawn status | Lost status | Damaged status | Home library | Current library | Shelving location | Date acquired | Total Checkouts | Full call number | Barcode | Date last seen | Price effective from | Koha item type |
|---|---|---|---|---|---|---|---|---|---|---|---|---|
| Stonyhurst Southville International School (Malarayat) | Stonyhurst Southville International School (Malarayat) | 11/29/2018 | FIC T654 2005 | SSISM5940 | 11/29/2018 | 11/29/2018 | Books |